Statistics for Volkswagen Brands

Click here to take the quiz!

General Stats

  • This quiz has been taken 248 times
  • The average score is 7 of 12

Answer Stats

HintAnswer% Correct
CzechSkoda
90%
GermanAudi
89%
SpanishSeat
85%
Volkswagen
79%
ItalianLamborghini
77%
GermanPorsche
65%
Italian/French/GermanBugatti
62%
BritishBentley
56%
Swedish trucksScania
53%
German trucksMAN
52%
Italian but no carsDucati
29%
Based in HanoverVolkswagen Nutzfahrzeuge
5%

Score Distribution

Percentile by Number Answered

Percent of People with Each Score

Your Score History

You have not taken this quiz